Women who run with the wolves (Record no. 91277)

MARC details
000 -LEADER
fixed length control field 00440nam a2200181Ia 4500
008 - FIXED-LENGTH DATA ELEMENTS--GENERAL INFORMATION
fixed length control field 230125s9999 xx 000 0 und d
041 ## - LANGUAGE CODE
Language code of text/sound track or separate title eng
082 ## - DEWEY DECIMAL CLASSIFICATION NUMBER
Classification number 305.4
Item number EST
100 ## - MAIN ENTRY--PERSONAL NAME
Personal name Estes C P
9 (RLIN) 113999
245 ## - TITLE STATEMENT
Title Women who run with the wolves
260 ## - PUBLICATION, DISTRIBUTION, ETC. (IMPRINT)
Date of publication, distribution, etc. 1998
Name of publisher, distributor, etc. Rider publication
Place of publication, distribution, etc. London
300 ## - PHYSICAL DESCRIPTION
Extent 537p
500 ## - GENERAL NOTE
Keywords Women
650 ## - SUBJECT ADDED ENTRY--TOPICAL TERM
Topical term or geographic name as entry element Women Study
700 ## - ADDED ENTRY--PERSONAL NAME
Personal name Estes C P
9 (RLIN) 113999
906 ## - LOCAL DATA ELEMENT F, LDF (RLIN)
b 105
Holdings
Withdrawn status Lost status Damaged status Not for loan Home library Current library Date acquired Vendor Cost, normal purchase price Bill number Total Checkouts Full call number Barcode Date last seen Cost, replacement price Bill Date Koha item type Original Barcode
        Smt. Hiraben Nanavati Institute of Management & Research for Women Smt. Hiraben Nanavati Institute of Management & Research for Women 31/03/2006 Popular Book House 700.00 621   305.4 EST B05164 HIMR-BK-5164 25/01/2023 595.00 31/03/2006 Books B05164